01209nam a22002531 45000010006000000050017000060060019000230080041000420100016000830350010000990400011001090820015001200990019001352450387001542600039005413000064005805040029006446300031006737000052007049070015007569420012007719990017007839520155008001336620251001111233.0 760421s1962 nyuab bd 00000 eng  a 62009387 a35473 aBSULIB a220.3bINT fREFa220.3 IN804aThe Interpreter's dictionary of the Bible : E-Jban illustrated encyclopedia identifying and explaining all proper names and significant terms and subjects in the Holy Scriptures, including the Aprocrypha, with attention to archaeological discoveries and researches into the life and faith of ancient times /c[Editorial board: George Arthur Buttrick, dictionary editor, and others] aNew York :bAbingdon Pressc[1962] a4 volumes :billus (part color) maps (part color) ;c27 cm. aIncludes bibliographies.00aBiblevDictionaries.995821 aButtrick, George Arthur,d1892-eeditor.925975 a.b11791615 2ddccBK c13366d13366 00102ddc4070absubbsucOSd2012-10-05i26042l0o220.3 INTpbsu25100014r2025-10-01 11:15:27t001w2025-10-01yBKzMaterial available in hard copy